000 00298nam a22001457a 4500
020 _a03232154589654
041 _aENG
100 _aMistry
245 _aConceots of Physics
250 _aFirst ed
260 _aMumbai
_bUttam Prakashn
_c1999
300 _a287
650 _aGAE
856 _uGAE
999 _c254
_d254